| 000 | 00401cam a22001812 4500 | ||
|---|---|---|---|
| 001 | ltf91064312 | ||
| 003 | DLC | ||
| 005 | 20260227111554.0 | ||
| 008 | 910701s1948 xx 000 0 bulo | ||
| 010 | _altf91064312 | ||
| 040 |
_aDLC _cDLC _dDLC |
||
| 050 | 0 | 0 | _a4PR 323 |
| 100 | 1 |
_aConrad, Joseph, _d1857-1924. |
|
| 245 | 1 | 0 | _aMladost. |
| 260 | _c1948. | ||
| 300 | _a52 p. | ||
| 500 | _aRomanized. | ||
| 999 |
_c37651 _d37651 |
||